The Formation of Chinese Civilization (Record no. 575866)

MARC details
000 -LEADER
fixed length control field 01467nam a2200169Ia 4500
008 - FIXED-LENGTH DATA ELEMENTS--GENERAL INFORMATION
fixed length control field 250714s9999 xx 000 0 und d
020 ## - INTERNATIONAL STANDARD BOOK NUMBER
ISBN 9780300093827
082 ## - DEWEY DECIMAL CLASSIFICATION NUMBER
Classification number 931
Item number CHA
100 ## - MAIN ENTRY--AUTHOR NAME
Personal name Chang, Kwang-chih
245 #4 - TITLE STATEMENT
Title The Formation of Chinese Civilization
260 ## - PUBLICATION, DISTRIBUTION, ETC. (IMPRINT)
Name of publisher Yale University Press
Year of publication 2005
300 ## - PHYSICAL DESCRIPTION
Number of Pages 396 pages
500 ## - GENERAL NOTE
General note Paleolithic sites from one million years ago, Neolithic sites with extraordinary jade and ceramic artifacts, excavated tombs and palaces of the Shang and Zhou dynasties--all these are part of the archaeological riches of China. This magnificent book surveys China's archaeological remains and in the process rewrites the early history of the world's most enduring civilization. Eminent scholars from China and America show how archaeological evidence establishes that Chinese culture did not spread from a single central area, as was long assumed, but emerged out of geographically diverse, interacting Neolithic cultures. Taking us to the great archaeological finds of the past hundred years--tombs, temples, palaces, cities--they shed new light on many aspects of Chinese life. With a wealth of fascinating detail and hundreds of reproductions of archaeological discoveries, including very recent ones, this book is an invaluable resource for anyone interested in Chinese antiquity and Chinese views on the formation of their own civilization.
650 ## - SUBJECT ADDED ENTRY--TOPICAL TERM
Topical Term Architecture
942 ## - ADDED ENTRY ELEMENTS (KOHA)
Koha item type English Books
Holdings
Withdrawn status Lost status Damaged status Not for loan Home library Current library Shelving location Date acquired Full call number Accession Number Price effective from Koha item type
        Anna Centenary Library Anna Centenary Library 7TH FLOOR, B WING 14.07.2025 931 CHA 123587 14.07.2025 English Books

Find us on the map